[Event "Bangkok op 22nd"]
[Site "Bangkok"]
[Date "2025.04.20"]
[Round "8"]
[White "Concio, Michael Jr"]
[Black "Morris, James"]
[Result "1-0"]
[WhiteElo "2378"]
[BlackElo "2430"]
[PlyCount "131"]
[EventDate "2025.04.13"]
[EventType "swiss"]
[EventRounds "9"]
[EventCountry "THA"]
[SourceTitle "CB17_2025"]
[SourceDate "2025.04.23"]
[SourceVersion "1"]
[SourceVersionDate "2025.04.23"]
[SourceQuality "1"]

1. d4 Nf6 2. Nf3 e6 3. c4 Bb4+ 4. Bd2 a5 5. a3 Bxd2+ 6. Qxd2 d6 7. Nc3 Nbd7 8. g3 0-0 9. Bg2 e5 10. 0-0 exd4 11. Nxd4 a4 12. Nc2 Nc5 13. Rad1 Be6 14. Ne3 Re8 15. h3 Nfd7 16. Kh2 Nb3 17. Qc2 Ndc5 18. Ne4 Ra5 19. h4 h6 20. Qc3 Nxe4 21. Bxe4 Rc5 22. Bc2 f5 23. Bxb3 axb3 24. Rd4 Qf6 25. Qd3 Bf7 26. Kg2 Re4 27. Rxe4 fxe4 28. Qxb3 b5 29. a4 bxc4 30. Qb4 Bh5 31. g4 Qg6 32. Kh3 Qe6 33. Kg3 Qe5+ 34. Kg2 Bf7 35. Ra1 c3 36. bxc3 Rxc3 37. Ra3 Rxa3 38. Qxa3 Qa5 39. Qb2 Be6 40. Qd4 Qa8 41. Qb4 d5 42. a5 Qc8 43. Qc5 Bxg4 44. a6 Qxa6 45. Nxg4 Qe6 46. Ne3 c6 47. Nf1 h5 48. Ng3 g6 49. Qb6 Qf6 50. Qb8+ Kg7 51. Qc7+ Kh6 52. Qc8 Kh7 53. Qd7+ Kh6 54. Qc8 Kh7 55. Qc7+ Kh6 56. e3 g5 57. hxg5+ Kxg5 58. Qh7 Qg6 59. Qe7+ Kh6 60. Kh2 Qg5 61. Qe6+ Qg6 62. Nf5+ Kg5 63. Qxg6+ Kxg6 64. Ne7+ Kg5 65. Nxc6 Kg4 66. Nb4 1-0

[Event "Bangkok op 22nd"]
[Site "Bangkok"]
[Date "2025.04.15"]
[Round "3"]
[White "Morris, James"]
[Black "Zuttioni, Federico"]
[Result "1-0"]
[WhiteElo "2430"]
[BlackElo "2172"]
[PlyCount "75"]
[EventDate "2025.04.13"]
[EventType "swiss"]
[EventRounds "9"]
[EventCountry "THA"]
[SourceTitle "CB17_2025"]
[SourceDate "2025.04.23"]
[SourceVersion "1"]
[SourceVersionDate "2025.04.23"]
[SourceQuality "1"]

1. Nf3 Nf6 2. b3 g6 3. Bb2 Bg7 4. g3 0-0 5. Bg2 d5 6. c4 c6 7. 0-0 Bg4 8. d3 Nbd7 9. Nc3 Bxf3 10. Bxf3 d4 11. Nb1 Ne5 12. Bg2 Nh5 13. Nd2 f5 14. b4 f4 15. Ne4 Nf7 16. b5 cxb5 17. cxb5 Rc8 18. Qb3 Kh8 19. Rac1 fxg3 20. hxg3 b6 21. Qe6 Nd6 22. Nxd6 exd6 23. Rxc8 Qxc8 24. Qxd6 Rd8 25. Bb7 Rxd6 26. Bxc8 Rd5 27. a4 Bf8 28. e4 Rd8 29. Bh3 Bc5 30. Kg2 Nf6 31. Rc1 Kg7 32. a5 Ne8 33. axb6 axb6 34. Ra1 Nd6 35. Ra7+ Kf8 36. Bd7 h5 37. Bc1 Nf7 38. Be6 1-0

[Event "Bangkok op 22nd"]
[Site "Bangkok"]
[Date "2025.04.13"]
[Round "1"]
[White "Morris, James"]
[Black "Gnanasekar, Jai Adithya"]
[Result "1-0"]
[WhiteElo "2430"]
[BlackElo "1922"]
[PlyCount "51"]
[EventDate "2025.04.13"]
[EventType "swiss"]
[EventRounds "9"]
[EventCountry "THA"]
[SourceTitle "CB17_2025"]
[SourceDate "2025.04.23"]
[SourceVersion "1"]
[SourceVersionDate "2025.04.23"]
[SourceQuality "1"]

1. e4 c5 2. Nc3 a6 3. f4 b5 4. d4 cxd4 5. Qxd4 Nc6 6. Qf2 d6 7. a4 b4 8. Nd5 e6 9. Nb6 Rb8 10. Nxc8 Qxc8 11. Nf3 Nf6 12. Bd3 Be7 13. Qe2 a5 14. 0-0 0-0 15. Kh1 Nd7 16. Be3 Bf6 17. c3 bxc3 18. bxc3 Bxc3 19. Rac1 Rb2 20. Qd1 Bf6 21. Bb5 Ndb8 22. Bxc6 Nxc6 23. Qxd6 Qa6 24. Qxc6 Qe2 25. Bf2 h6 26. Qc4 1-0

[Event "Begonia op 29th"]
[Site "Ballarat"]
[Date "2025.03.10"]
[Round "6"]
[White "Morris, James"]
[Black "Le, Tri Kien"]
[Result "1-0"]
[WhiteElo "2431"]
[BlackElo "2261"]
[PlyCount "57"]
[EventDate "2025.03.08"]
[EventType "swiss"]
[EventRounds "7"]
[EventCountry "AUS"]
[SourceTitle "CB11_2025"]
[SourceDate "2025.03.12"]
[SourceVersion "1"]
[SourceVersionDate "2025.03.12"]
[SourceQuality "1"]

1. e4 c5 2. Nc3 d6 3. f4 g6 4. Nf3 Bg7 5. Bb5+ Bd7 6. a4 Nc6 7. 0-0 Nd4 8. d3 Nh6 9. h3 Bxb5 10. Nxb5 Qd7 11. Nbxd4 cxd4 12. Qe1 Qc7 13. Qf2 Qc5 14. b3 Rc8 15. Ra2 e5 16. Nd2 f6 17. Nc4 Nf7 18. Ba3 Qc6 19. fxe5 dxe5 20. c3 Qd7 21. Kh2 b6 22. cxd4 Qxd4 23. Ne3 Rc6 24. Rc2 Kd7 25. Qf3 Rhc8 26. Rc4 Rxc4 27. dxc4 Ke8 28. Rd1 Qc3 29. Nf5 1-0

[Event "AUS-ch op"]
[Site "Melbourne"]
[Date "2025.01.09"]
[Round "7"]
[White "Le, Tri Kien"]
[Black "Morris, James"]
[Result "1/2-1/2"]
[WhiteElo "2232"]
[BlackElo "2433"]
[PlyCount "153"]
[EventDate "2025.01.02"]
[EventType "swiss"]
[EventRounds "9"]
[EventCountry "AUS"]
[SourceTitle "CB03_2025"]
[SourceDate "2025.01.15"]
[SourceVersion "1"]
[SourceVersionDate "2025.01.15"]
[SourceQuality "1"]

1. d4 Nf6 2. c4 e6 3. Nc3 Bb4 4. Qc2 0-0 5. e4 d5 6. e5 Ne4 7. Bd3 c5 8. Nf3 cxd4 9. Nxd4 Nd7 10. Bf4 Qb6 11. Nb3 Qc7 12. 0-0 Bxc3 13. bxc3 Nxe5 14. Bxe4 dxe4 15. Qxe4 f6 16. c5 Qc6 17. Qxc6 Nxc6 18. Bd6 Rf7 19. Nd4 e5 20. Nxc6 bxc6 21. f4 e4 22. Kf2 Ba6 23. Rfb1 Bd3 24. Rb4 h5 25. f5 Kh7 26. Ke3 Rg8 27. h4 g6 28. fxg6+ Kxg6 29. g3 Kf5 30. Re1 Ke6 31. c4 Rd7 32. Kf2 Rgg7 33. a3 Rb7 34. Bf4 Rgd7 35. Rc1 Kf5 36. Rc3 Rxb4 37. axb4 a6 38. Rc1 Rb7 39. Bd2 Kg4 40. Be1 f5 41. Bd2 Rb8 42. Be1 Rd8 43. Bd2 Bxc4 44. Bg5 e3+ 45. Bxe3 Bb5 46. Rc2 Rd3 47. Rd2 Rb3 48. Rd4+ Kh3 49. Bf4 Bd3 50. Bd6 Be4 51. Bc7 Rf3+ 52. Ke2 Kg2 53. Bd6 Rb3 54. Bc7 Ra3 55. Bf4 Bf3+ 56. Kd2 Kf2 57. Rd3 Ra1 58. Kc3 Be4 59. Rd2+ Kf3 60. Rb2 Bd5 61. Kd4 Re1 62. Kc3 Re4 63. Rb1 Rc4+ 64. Kd2 Be4 65. Rf1+ Kg2 66. Ra1 Rd4+ 67. Kc3 Rd3+ 68. Kb2 Bd5 69. Rxa6 Rb3+ 70. Kc2 Rxb4 71. Bd6 Rg4 72. Ra3 Bf3 73. Kd2 Rxg3 74. Ke3 Rh3 75. Ra2+ Kg1 76. Ra1+ Kg2 77. Ra2+ 1/2-1/2

[Event "AUS-ch op"]
[Site "Melbourne"]
[Date "2025.01.08"]
[Round "6"]
[White "Liu, Yi"]
[Black "Morris, James"]
[Result "0-1"]
[WhiteElo "2290"]
[BlackElo "2433"]
[PlyCount "38"]
[EventDate "2025.01.02"]
[EventType "swiss"]
[EventRounds "9"]
[EventCountry "AUS"]
[SourceTitle "CB03_2025"]
[SourceDate "2025.01.15"]
[SourceVersion "1"]
[SourceVersionDate "2025.01.15"]
[SourceQuality "1"]

1. d4 Nf6 2. Nc3 d5 3. Bf4 e6 4. Nb5 Na6 5. e3 c6 6. Nc3 Qb6 7. Rb1 c5 8. Nf3 Be7 9. h4 Bd7 10. Ne5 Nb4 11. h5 cxd4 12. Nxd7 Nxd7 13. Na4 Qa5 14. c3 e5 15. Bxe5 Nxe5 16. exd4 Ned3+ 17. Ke2 Qa6 18. cxb4 Nxb2+ 19. Ke1 Bxb4+ 0-1

[Event "AUS-ch op"]
[Site "Melbourne"]
[Date "2025.01.07"]
[Round "5"]
[White "Morris, James"]
[Black "Radovanovic, Mihajlo"]
[Result "1/2-1/2"]
[WhiteElo "2433"]
[BlackElo "2429"]
[PlyCount "140"]
[EventDate "2025.01.02"]
[EventType "swiss"]
[EventRounds "9"]
[EventCountry "AUS"]
[SourceTitle "CB03_2025"]
[SourceDate "2025.01.15"]
[SourceVersion "1"]
[SourceVersionDate "2025.01.15"]
[SourceQuality "1"]

1. e4 e6 2. d4 d5 3. exd5 exd5 4. Bd3 Nc6 5. c3 Bd6 6. Nf3 Bg4 7. 0-0 Qd7 8. Re1+ Nge7 9. Nbd2 0-0-0 10. b4 Ng6 11. b5 Na5 12. Qa4 b6 13. Ne5 Bxe5 14. dxe5 Rde8 15. Bxg6 hxg6 16. Nb3 Qf5 17. Bf4 Nc4 18. Bg3 a5 19. bxa6 Qd7 20. Qb4 c5 21. e6 cxb4 22. exd7+ Bxd7 23. cxb4 Bb5 24. a7 Kb7 25. Nd4 Rxe1+ 26. Rxe1 Re8 27. Rxe8 Bxe8 28. Bb8 Na3 29. h4 Nb1 30. Bd6 Nc3 31. a3 Nb1 32. Bf8 Nxa3 33. Bxg7 Nb5 34. Nxb5 Bxb5 35. Kh2 Kxa7 36. g4 Be2 37. Kg3 Ka6 38. Kf4 Kb5 39. Bd4 Kxb4 40. Bxb6 Kb5 41. Be3 Kc6 42. Kg5 Kd6 43. Bd4 Ke7 44. Bc5+ Ke6 45. f4 Bd3 46. Bd4 Ke7 47. Bg7 Ke6 48. Bf6 Kd7 49. f5 Ke8 50. Bg7 gxf5 51. gxf5 f6+ 52. Kxf6 d4 53. Bh6 Bc4 54. Kg7 Bf7 55. Bc1 d3 56. Bd2 Bh5 57. Bb4 Bf7 58. Kh6 d2 59. Bxd2 Kf8 60. Kh7 Be8 61. Bc3 Kf7 62. Bg7 Bd7 63. f6 Bf5+ 64. Kh8 Bb1 65. h5 Bc2 66. h6 Bd3 67. h7 Be4 68. Bf8 Kxf8 69. f7 Bxh7 70. Kxh7 Kxf7 1/2-1/2

[Event "AUS-ch op"]
[Site "Melbourne"]
[Date "2025.01.04"]
[Round "3"]
[White "Morris, James"]
[Black "Tan, Zhong Kai"]
[Result "1-0"]
[WhiteElo "2433"]
[BlackElo "2107"]
[PlyCount "63"]
[EventDate "2025.01.02"]
[EventType "swiss"]
[EventRounds "9"]
[EventCountry "AUS"]
[SourceTitle "CB03_2025"]
[SourceDate "2025.01.15"]
[SourceVersion "1"]
[SourceVersionDate "2025.01.15"]
[SourceQuality "1"]

1. e4 c5 2. Nf3 Nc6 3. Bb5 Nf6 4. Bxc6 dxc6 5. d3 Qc7 6. Nbd2 e5 7. Nc4 b5 8. Ne3 c4 9. dxc4 Nxe4 10. 0-0 Be6 11. Qe2 b4 12. Ng4 Bxg4 13. Qxe4 Bxf3 14. gxf3 Bd6 15. Be3 0-0 16. c5 Be7 17. Rad1 f5 18. Qc4+ Kh8 19. f4 Rf6 20. Rfe1 e4 21. Kh1 Rh6 22. Qxb4 Bf6 23. Qc4 Qe7 24. Rd6 Qe8 25. Qe2 Rg6 26. b3 Rd8 27. Red1 Be7 28. Rxd8 Bxd8 29. Qh5 Bf6 30. Qxf5 Rh6 31. Qd7 Qf8 32. Qxc6 1-0

[Event "AUS-ch op"]
[Site "Melbourne"]
[Date "2025.01.03"]
[Round "2"]
[White "Yang, Ray"]
[Black "Morris, James"]
[Result "0-1"]
[WhiteElo "2004"]
[BlackElo "2433"]
[PlyCount "126"]
[EventDate "2025.01.02"]
[EventType "swiss"]
[EventRounds "9"]
[EventCountry "AUS"]
[SourceTitle "CB03_2025"]
[SourceDate "2025.01.15"]
[SourceVersion "1"]
[SourceVersionDate "2025.01.15"]
[SourceQuality "1"]

1. e4 c5 2. Nc3 g6 3. d4 cxd4 4. Qxd4 Nf6 5. e5 Nc6 6. Qf4 Nh5 7. Qe4 d6 8. Bb5 dxe5 9. Bg5 Bg7 10. Rd1 Bd7 11. Nf3 Qc8 12. 0-0 Bf5 13. Qe3 0-0 14. Nd5 e6 15. Ne7+ Nxe7 16. Bxe7 Qxc2 17. Bxf8 Rxf8 18. Rd2 Qc7 19. Rd7 Qb8 20. Rc1 Nf6 21. Nxe5 Nd5 22. Rxd5 exd5 23. Nd7 Bxd7 24. Bxd7 Bxb2 25. Rb1 Be5 26. g3 Rd8 27. Bc6 b6 28. Re1 Bg7 29. Qe7 Bf8 30. Qf6 Qd6 31. Qxd6 Rxd6 32. Bb5 d4 33. Bd3 Rc6 34. Re4 Rc1+ 35. Kg2 Bc5 36. Re2 Rc3 37. Rd2 Ra3 38. Bc4 Kf8 39. Bb3 a5 40. Bc4 Rc3 41. Bb5 Ke7 42. a4 Kd6 43. Kf1 f5 44. Ke2 g5 45. Rd3 g4 46. Rd2 Ke5 47. Kf1 Rb3 48. Bd3 h6 49. Ke2 f4 50. gxf4+ Kxf4 51. Kf1 Ra3 52. Bb5 h5 53. Rd3 Rxd3 54. Bxd3 h4 55. Bb5 Bd6 56. Bd7 d3 57. Bb5 Ke4 58. Bd7 Bxh2 59. Bxg4 b5 60. axb5 a4 61. Be6 a3 62. Ke1 Bf4 63. Kf1 h3 0-1

[Event "Australasian Masters IM"]
[Site "Melbourne"]
[Date "2024.12.16"]
[Round "3"]
[White "Bayaca, Sterling"]
[Black "Morris, James"]
[Result "0-1"]
[WhiteElo "2169"]
[BlackElo "2425"]
[PlyCount "56"]
[EventDate "2024.12.14"]
[EventType "tourn"]
[EventRounds "9"]
[EventCountry "AUS"]
[EventCategory "1"]
[SourceTitle "CB52_2024"]
[SourceDate "2024.12.25"]
[SourceVersion "1"]
[SourceVersionDate "2024.12.25"]
[SourceQuality "1"]

1. c4 e5 2. g3 Nf6 3. Bg2 h6 4. d3 Bb4+ 5. Nc3 0-0 6. e4 Nc6 7. Nge2 d6 8. a3 Bxc3+ 9. bxc3 Nh7 10. 0-0 f5 11. f4 fxe4 12. Bxe4 Bh3 13. Bg2 Qd7 14. Be3 Nf6 15. Qd2 Rae8 16. Rae1 b6 17. Kh1 Bxg2+ 18. Kxg2 Na5 19. h3 e4 20. Bd4 exd3 21. Qxd3 Qc6+ 22. Kh2 Qxc4 23. Qxc4+ Nxc4 24. Bxf6 Nd2 25. Rf2 Rxf6 26. Rd1 Nc4 27. Nd4 c5 28. Nb5 Re7 0-1

[Event "Chess.com Speed Play In"]
[Site "Chess.com INT"]
[Date "2024.06.27"]
[Round "10"]
[White "Holt, Conrad"]
[Black "Morris, James"]
[Result "1-0"]
[WhiteElo "2540"]
[BlackElo "2431"]
[PlyCount "87"]
[EventDate "2024.06.27"]
[EventType "swiss (blitz)"]
[EventRounds "11"]
[EventCountry "USA"]
[SourceTitle "CBM 220 Extra"]
[Source "ChessBase"]
[SourceDate "2024.07.31"]
[SourceVersion "1"]
[SourceVersionDate "2024.07.31"]
[SourceQuality "1"]

1. d4 Nf6 2. c4 e6 3. Nf3 b6 4. g3 Bb7 5. Bg2 Bb4+ 6. Bd2 Be7 7. 0-0 0-0 8. Qc2 c5 9. Be3 cxd4 10. Bxd4 Nc6 11. Bc3 Rc8 12. Ng5 h6 13. Bxf6 hxg5 14. Bxe7 Qxe7 15. Qd2 Ba6 16. Na3 Ne5 17. Rfd1 Rfd8 18. Rac1 Nxc4 19. Nxc4 Rxc4 20. Rxc4 Bxc4 21. Qc2 d5 22. Rc1 Qb4 23. Bf1 Ba6 24. Qb1 Qd6 25. Rc3 d4 26. Ra3 Bb7 27. Rxa7 Qc6 28. f3 d3 29. Qd1 d2 30. e4 g4 31. Be2 Qc5+ 32. Kg2 Bc6 33. Ra3 Qc1 34. Rc3 gxf3+ 35. Bxf3 Qxd1 36. Bxd1 Bxe4+ 37. Kf2 e5 38. Ke2 Bg6 39. Ke3 f5 40. a4 Kf7 41. b4 Bh7 42. Rc7+ Kf6 43. Rc6+ Kg5 44. h4# 1-0

[Event "Chess.com Speed Play In"]
[Site "Chess.com INT"]
[Date "2024.06.27"]
[Round "8"]
[White "Matlakov, Maxim"]
[Black "Morris, James"]
[Result "1-0"]
[WhiteElo "2657"]
[BlackElo "2431"]
[PlyCount "147"]
[EventDate "2024.06.27"]
[EventType "swiss (blitz)"]
[EventRounds "11"]
[EventCountry "USA"]
[SourceTitle "CBM 220 Extra"]
[Source "ChessBase"]
[SourceDate "2024.07.31"]
[SourceVersion "1"]
[SourceVersionDate "2024.07.31"]
[SourceQuality "1"]

1. c4 Nf6 2. g3 e5 3. Bg2 g6 4. Nc3 Bg7 5. Nf3 Nc6 6. d4 exd4 7. Nxd4 0-0 8. 0-0 Re8 9. Nc2 d6 10. b3 h5 11. Bb2 h4 12. Qd2 h3 13. Bh1 Ne5 14. Rad1 Bd7 15. Ne3 Bc6 16. Ned5 Neg4 17. Nxf6+ Nxf6 18. Nd5 Bxd5 19. cxd5 Qd7 20. Rc1 Re7 21. Rc4 Rae8 22. e3 Qf5 23. Rf4 Qg5 24. Rc1 Ne4 25. Qc2 Bxb2 26. Qxb2 Qxd5 27. Rh4 Qe5 28. Qxe5 Rxe5 29. Rxh3 c6 30. Rh4 d5 31. Rg4 Kg7 32. h4 R8e7 33. Rf4 a5 34. Bg2 f5 35. g4 Kf6 36. g5+ Ke6 37. Bf3 Rh7 38. Kg2 Kd6 39. Rh1 Re8 40. Bd1 Reh8 41. h5 Nxg5 42. Rg1 Ne6 43. Rf3 Rxh5 44. Kf1 Rh1 45. Rfg3 Rxg1+ 46. Kxg1 g5 47. Bc2 Ke5 48. Rf3 f4 49. exf4+ gxf4 50. Rc3 Nd4 51. Bd1 b5 52. a3 Kd6 53. Rd3 c5 54. b4 axb4 55. axb4 Ra8 56. Kg2 Ra2 57. Bh5 Rb2 58. bxc5+ Kxc5 59. Rc3+ Kd6 60. Rc8 b4 61. Rf8 b3 62. Rxf4 Ke5 63. Rf8 Nf5 64. Re8+ Kd4 65. Rb8 Nd6 66. Bd1 Ne4 67. Rxb3 Rxf2+ 68. Kg1 Rd2 69. Bf3 Ke5 70. Rb8 Kf4 71. Bg2 Ke3 72. Rb3+ Ke2 73. Bf3+ Ke1 74. Rb1+ 1-0

[Event "Chess.com Speed Play In"]
[Site "Chess.com INT"]
[Date "2024.06.27"]
[Round "3"]
[White "Morris, James"]
[Black "Jiang, Andrew"]
[Result "1-0"]
[WhiteElo "2431"]
[BlackElo "2124"]
[PlyCount "53"]
[EventDate "2024.06.27"]
[EventType "swiss (blitz)"]
[EventRounds "11"]
[EventCountry "USA"]
[SourceTitle "CBM 220 Extra"]
[Source "ChessBase"]
[SourceDate "2024.07.31"]
[SourceVersion "1"]
[SourceVersionDate "2024.07.31"]
[SourceQuality "1"]

1. e4 e5 2. Nc3 Nf6 3. g3 d5 4. exd5 Nxd5 5. Bg2 Nxc3 6. bxc3 Nc6 7. Nf3 Bc5 8. 0-0 0-0 9. d3 Bb6 10. a4 a5 11. Nd2 Be6 12. Nc4 Bxc4 13. dxc4 Qf6 14. Ba3 Rfd8 15. Qe2 e4 16. c5 Ba7 17. Qe3 Re8 18. Rab1 b6 19. Bxe4 bxc5 20. Qf3 Re6 21. Qxf6 Rxf6 22. Rb5 Re8 23. Bxc6 Rxc6 24. Rxa5 Bb6 25. Ra6 c4 26. Kg2 Rf6 27. a5 1-0

[Event "Chess.com Speed Play In"]
[Site "Chess.com INT"]
[Date "2024.06.27"]
[Round "4"]
[White "Morris, James"]
[Black "Van Foreest, Jorden"]
[Result "1-0"]
[WhiteElo "2431"]
[BlackElo "2665"]
[PlyCount "109"]
[EventDate "2024.06.27"]
[EventType "swiss (blitz)"]
[EventRounds "11"]
[EventCountry "USA"]
[SourceTitle "CBM 220 Extra"]
[Source "ChessBase"]
[SourceDate "2024.07.31"]
[SourceVersion "1"]
[SourceVersionDate "2024.07.31"]
[SourceQuality "1"]

1. e4 g6 2. d4 d6 3. h4 Nf6 4. Nc3 c6 5. a4 Bg7 6. Be2 h5 7. Bg5 Nbd7 8. Nf3 e5 9. d5 Qc7 10. Nd2 0-0 11. Nc4 Nb6 12. Ne3 Nh7 13. a5 Nd7 14. dxc6 bxc6 15. Be7 Qb8 16. Nc4 Ba6 17. Bxd6 Qd8 18. Bxf8 Nhxf8 19. Ne3 Bxe2 20. Qxe2 Ne6 21. g3 Nd4 22. Qc4 Rb8 23. b3 Bh6 24. 0-0 Qe7 25. Rad1 Rb4 26. Ned5 cxd5 27. Nxd5 Rxc4 28. Nxe7+ Kf8 29. Nxg6+ fxg6 30. bxc4 Ke7 31. Rb1 Nc5 32. Rb8 Bd2 33. Ra1 a6 34. Kg2 Nxe4 35. Rb6 Nc5 36. Rxg6 e4 37. Rd1 Bc3 38. Rg5 Nce6 39. Rxh5 Nxc2 40. Rc1 Ned4 41. Re5+ Kd6 42. Rxe4 Bxa5 43. h5 Bd8 44. h6 Bf6 45. h7 a5 46. Re8 a4 47. h8Q Bxh8 48. Rxh8 a3 49. Ra8 Kc5 50. Ra4 Kd6 51. g4 Ke5 52. c5 Kd5 53. g5 Kxc5 54. Rxd4 Kb5 55. Rxc2 1-0

[Event "Chess.com Speed Play In"]
[Site "Chess.com INT"]
[Date "2024.06.27"]
[Round "5"]
[White "Svane, Frederik"]
[Black "Morris, James"]
[Result "0-1"]
[WhiteElo "2638"]
[BlackElo "2431"]
[PlyCount "160"]
[EventDate "2024.06.27"]
[EventType "swiss (blitz)"]
[EventRounds "11"]
[EventCountry "USA"]
[SourceTitle "CBM 220 Extra"]
[Source "ChessBase"]
[SourceDate "2024.07.31"]
[SourceVersion "1"]
[SourceVersionDate "2024.07.31"]
[SourceQuality "1"]

1. e4 Nc6 2. Nf3 d6 3. d4 Nf6 4. Bd3 g6 5. 0-0 Bg7 6. c3 0-0 7. h3 a5 8. Be3 e5 9. Re1 exd4 10. cxd4 Nb4 11. Nc3 Nxd3 12. Qxd3 c6 13. Rad1 d5 14. e5 Ne8 15. Qd2 Nc7 16. Bh6 Ne6 17. Ne2 a4 18. Bxg7 Kxg7 19. Nf4 Qa5 20. Qe3 Qb4 21. Rd2 a3 22. b3 Qe7 23. Nh2 Nxf4 24. Qxf4 Be6 25. Nf3 Rae8 26. Qe3 Bf5 27. Qc3 Be6 28. b4 Ra8 29. Rb1 Ra4 30. Rb3 Rfa8 31. Ne1 Bf5 32. Re2 Qg5 33. Re3 Be4 34. Rg3 Qf4 35. Qe3 Qxe3 36. Rgxe3 g5 37. Rg3 h6 38. h4 f6 39. f4 Kf7 40. fxg5 hxg5 41. hxg5 fxe5 42. dxe5 d4 43. g6+ Kg8 44. Rg5 Bd5 45. Rh3 Bxa2 46. g7 Kf7 47. Rf3+ Ke7 48. Nd3 Bd5 49. Rf1 a2 50. Ra1 Rg8 51. b5 cxb5 52. Nf4 Bc4 53. Rg6 Ra6 54. e6 Bxe6 55. Rg3 Bc4 56. Ng6+ Kd7 57. Ne5+ Kc7 58. Nf3 Rf6 59. Nxd4 Rf7 60. Nc2 Rfxg7 61. Rxg7+ Rxg7 62. Nb4 Rg8 63. Kf2 Ra8 64. g4 Ra4 65. Nc2 b4 66. Ne3 b3 67. Nd1 Bg8 68. g5 Rc4 69. Ke3 Rc2 70. g6 b2 71. Nxb2 Rxb2 72. g7 Rb1 73. Rxa2 Bxa2 74. Kd4 Bg8 75. Ke5 Rb6 76. Kf5 Kd7 77. Kg5 Ke7 78. Kf5 Kf7 79. Kg5 Kxg7 80. Kg4 Kf7 0-1

[Event "Sitges Sunway op 10th"]
[Site "Sitges"]
[Date "2023.12.20"]
[Round "8"]
[White "Coles, Ruben"]
[Black "Morris, James"]
[Result "0-1"]
[WhiteElo "2183"]
[BlackElo "2437"]
[PlyCount "76"]
[EventDate "2023.12.12"]
[EventType "swiss"]
[EventRounds "10"]
[EventCountry "ESP"]
[SourceTitle "EXT 2025"]
[Source "ChessBase"]
[SourceDate "2024.10.14"]
[SourceVersion "1"]
[SourceVersionDate "2024.10.14"]
[SourceQuality "1"]

1. e4 c5 2. Nf3 e6 3. d4 cxd4 4. Nxd4 Nf6 5. Bd3 a6 6. 0-0 Qc7 7. c4 Bc5 8. Nf3 Nc6 9. Nc3 Ng4 10. h3 h5 11. Ne2 Nge5 12. Nxe5 Nxe5 13. Bf4 d6 14. b4 Nxd3 15. Qxd3 Bxb4 16. Rab1 Bc5 17. Qg3 f6 18. Nc3 h4 19. Qd3 Bd7 20. Rfd1 Bc6 21. Qe2 Kf7 22. Rbc1 Rad8 23. Be3 Qa5 24. Bxc5 Qxc5 25. Kh1 Qe5 26. Qe3 g5 27. f3 Rd7 28. Ne2 Rc8 29. Rf1 d5 30. cxd5 exd5 31. Qb3 Kg7 32. f4 Qxe4 33. fxg5 Qxe2 34. gxf6+ Kh8 35. f7 Rf8 36. Rce1 Qh5 37. Re8 Rxe8 38. Qf3 Qxf7 0-1